[Event "Bayamo Cespedes Memorial op"]
[Site "Bayamo"]
[Date "2017.03.04"]
[Round "4.23"]
[White "Reyes Fonseca, Ammi Sarai"]
[Black "Luebbert, Dietrich"]
[Result "1-0"]
[WhiteElo "1726"]
[BlackElo "1695"]
[PlyCount "39"]
[EventDate "2017.03.01"]
[EventType "swiss"]
[EventRounds "9"]
[EventCountry "CUB"]
[SourceTitle "EXT 2023"]
[Source "ChessBase"]
[SourceDate "2022.10.05"]
[SourceVersion "1"]
[SourceVersionDate "2022.10.05"]
[SourceQuality "1"]

1. e4 d5 2. exd5 Nf6 3. Nc3 Nxd5 4. Bc4 Nxc3 5. Qf3 e6 6. dxc3 Be7 7. Bd2 0-0 8. 0-0-0 Qd6 9. Bd3 f5 10. h4 Nc6 11. Bg5 Ne5 12. Qe3 Ng4 13. Qf3 Ne5 14. Qe2 Bxg5+ 15. hxg5 Nxd3+ 16. Rxd3 Qe7 17. f4 Bd7 18. Rxh7 Kxh7 19. Qh5+ Kg8 20. g6 1-0

[Event "Bayamo Cespedes Memorial op"]
[Site "Bayamo"]
[Date "2017.03.02"]
[Round "2.18"]
[White "Obregon Garcia, Roxangel"]
[Black "Luebbert, Dietrich"]
[Result "1-0"]
[WhiteElo "1953"]
[BlackElo "1695"]
[PlyCount "41"]
[EventDate "2017.03.01"]
[EventType "swiss"]
[EventRounds "9"]
[EventCountry "CUB"]
[SourceTitle "EXT 2023"]
[Source "ChessBase"]
[SourceDate "2022.10.05"]
[SourceVersion "1"]
[SourceVersionDate "2022.10.05"]
[SourceQuality "1"]

1. e4 d5 2. exd5 Nf6 3. Nf3 Bg4 4. c4 c6 5. dxc6 Nxc6 6. Be2 e6 7. 0-0 Bc5 8. Nc3 Qc7 9. h3 h5 10. Nb5 Qb8 11. d4 Be7 12. d5 exd5 13. cxd5 Bxf3 14. Bxf3 Ne5 15. d6 Nxf3+ 16. gxf3 Bd8 17. Re1+ Kf8 18. Bf4 a6 19. Nc7 Bxc7 20. dxc7 Qxc7 21. Bxc7 1-0